[Event "GER-chT U14"]
[Site "Willingen"]
[Date "2021.06.24"]
[Round "2.10"]
[White "Stadelmann, Constantin"]
[Black "Bork, Miron"]
[Result "1-0"]
[WhiteElo "1277"]
[BlackElo "1113"]
[PlyCount "53"]
[EventDate "2021.06.23"]
[EventType "team-swiss"]
[EventRounds "7"]
[EventCountry "GER"]
[SourceTitle "EXT 2022"]
[Source "ChessBase"]
[SourceDate "2021.10.06"]
[SourceVersion "1"]
[SourceVersionDate "2021.10.06"]
[SourceQuality "1"]
[WhiteTeam "Weimar"]
[BlackTeam "Weingarten"]
[WhiteTeamCountry "GER"]
[BlackTeamCountry "GER"]

1. d4 d5 2. Nf3 Nc6 3. c4 Nf6 4. e3 Bg4 5. Be2 e6 6. Nc3 b6 7. b3 Bd6 8. 0-0 0-0 9. Bb2 Re8 10. Rc1 Na5 11. h3 Bh5 12. Qd2 Nb7 13. Bd3 Bxf3 14. gxf3 c6 15. e4 Bc7 16. e5 Nh5 17. Kh2 f6 18. Ne2 Qb8 19. f4 fxe5 20. fxe5 Nf6 21. Rg1 Re7 22. Qh6 c5 23. Qxf6 Qe8 24. Nf4 cxd4 25. Bxd4 Kh8 26. Qh4 Qg8 27. Ng6# 1-0